| 000 | 01818cam a2200505 4500 | ||
|---|---|---|---|
| 001 | 22207 | ||
| 003 | VRT | ||
| 005 | 20260323132629.0 | ||
| 008 | 220107s2019 xo gr 010 f slo | ||
| 015 | _aSNBA2020/01 | ||
| 020 |
_a9788055169293 _q(viazané) |
||
| 035 | _aurn:nbn:sk:snk-am00g5um | ||
| 035 | _aurn:nbn:sk:snk-am3iymb | ||
| 035 | _a889E9191-53F4-42C3-A905-486FD56FA10E | ||
| 039 | 9 |
_a202408261440 _bcsnk01 _c202201070943 _dVLOAD _c202201051653 _dVLOAD _c202001201252 _dmsnk159 |
|
| 040 |
_aSNK _bslo _cSNK _erda |
||
| 041 | 1 |
_aslo _heng |
|
| 044 |
_axo _cSK |
||
| 072 | 7 |
_a821.111(73)-3 _xAmerická próza _2konspekt |
|
| 080 |
_a821.111(73)-31 _22011 |
||
| 080 |
_a82-312.9 _22011 |
||
| 100 | 1 |
_aKing, Stephen, _d1947- _4aut |
|
| 240 | 1 | 0 |
_aPet Sematary _lSlovensky |
| 245 | 1 | 0 |
_aCyntoryn zvieratiek _cStephen King ; preložil Alojz Keníž |
| 264 | 1 |
_aBratislava _bIkar _c2019 |
|
| 300 |
_a438 strán _c21 cm |
||
| 336 |
_atext _btxt _2rdacontent |
||
| 337 |
_abez média _bn _2rdamedia |
||
| 338 |
_azväzok _bnc _2rdacarrier |
||
| 500 | _aPreložené z angličtiny | ||
| 500 | _aObsahuje biografické údaje o autorovi na záložke prebalu publikácie | ||
| 655 | 7 |
_aamerické romány _2SNKPH |
|
| 655 | 7 |
_ahorory (romány) _2SNKPH |
|
| 655 | 7 |
_aAmerican novels _2SNKPHeng |
|
| 655 | 7 |
_aHorror novels _2SNKPHeng |
|
| 700 | 1 |
_aKeníž, Alojz, _d1952- _4trl |
|
| 942 |
_2ddc _cKLDO _n0 |
||
| 949 |
_617A1413687 _asnkSC 187366 _bsnk2020/495 _o2529/2019 _s6100:20200128 |
||
| 949 |
_62889356680 _asavukPV 29929 _bsavuk2020/958 |
||
| 949 |
_6273K0649345 _asvkpoA 244226 _bsvkpo642567 |
||
| 949 |
_6270001000640327 _asvkbbA 159587 _bsvkbbm 787949 |
||
| 949 |
_617A1413688 _asnkSC 187366 D1 _bsnk2020/496 _o2529/2019 |
||
| 999 |
_c22207 _d22207 |
||